000 00694nam a2200217Ia 4500
003 GCL
008 140319s9999 xx 000 0 ara d
040 _aGCL /
_cGCL
082 0 4 _aق
_b418.02962
_bا ح
100 1 _aاحمد عصام الدين
245 1 0 _aحركة الترجمة فى مصر فى القرن العشرين /
_cاحمد عصام الدين
260 _a[S.N] :
_bالهيئة المصرية العامة للكتاب ،
_c1986
300 _a311 ص
490 _aمصر النهضة
_v0
650 0 4 _aمصر
650 0 4 _aتاريخ
650 0 4 _aالاحوال الاجتماعية
650 0 4 _aالمترجمون
650 0 4 _aالترجمة
942 _2ddc
_cBK
999 _c52955
_d52955